[Event "Aberto do Brasil CONTAUD 2022"]
[Site "Cuiaba - MT - Brasil"]
[Date "2022.10.28"]
[Round "6"]
[Board "1"]
[White "Delgado Ramirez, Neuris"]
[Black "Fier, Alexandr"]
[Result "1/2-1/2"]
[WhiteElo "2563"]
[BlackElo "2592"]
[PlyCount "51"]
[EventDate "2022.10.25"]
[EventRounds "9"]
[EventCountry "BRA"]

1. e4 c5 2. Nf3 Nc6 3. Nc3 g6 4. d4 cxd4 5. Nxd4 Bg7 6. Be3 Nf6 7. Bc4 O-O 8. Bb3
d6 9. f3 Bd7 10. Qd2 Rc8 11. O-O-O Nxd4 12. Bxd4 b5 13. h4 a5 14. h5 a4 15. Bxf6
Bxf6 16. hxg6 e6 17. e5 Bg7 18. Rxh7 Bxe5 19. Rdh1 fxg6 20. Rh8+ Bxh8 21. Rxh8+ Kxh8
22. Qh6+ Kg8 23. Qxg6+ Kh8 24. Qh6+ Kg8 25. Qg6+ Kh8 26. Qh6+  1/2-1/2

[Event "Aberto do Brasil CONTAUD 2022"]
[Site "Cuiaba - MT - Brasil"]
[Date "2022.10.28"]
[Round "6"]
[Board "2"]
[White "Lima, Darcy"]
[Black "Labussiere, Yago"]
[Result "1-0"]
[WhiteElo "2420"]
[BlackElo "2213"]
[PlyCount "82"]
[EventDate "2022.10.25"]
[EventRounds "9"]
[EventCountry "BRA"]

1. d4 d5 2. Nf3 Nf6 3. g3 Bf5 4. Bg2 c6 5. O-O h6 6. c4 e6 7. Nc3 Be7 8. Nd2 O-O
9. e4 dxe4 10. Ndxe4 Nbd7 11. Be3 Nxe4 12. Nxe4 e5 13. d5 Bxe4 14. Bxe4 Nf6 15. Bg2
cxd5 16. cxd5 e4 17. Re1 Qxd5 18. Qxd5 Nxd5 19. Bxe4 Nxe3 20. Rxe3 Bc5 21. Rf3 Rad8
22. Bxb7 Rb8 23. Rb3 Rfd8 24. Rc1 Bb6 25. Be4 Rd2 26. Rc2 Rxc2 27. Bxc2 Rc8 28. Be4
Re8 29. Bd5 Re5 30. Rd3 Rf5 31. Bf3 g6 32. Kg2 Kg7 33. b4 Rf6 34. a4 a6 35. a5 Bc7
36. Rd7 Be5 37. Bd5 Bc3 38. Bb7 Kf8 39. f3 Ke8 40. Kf2 g5 41. Ke2 Rd6  1-0

[Event "Aberto do Brasil CONTAUD 2022"]
[Site "Cuiaba - MT - Brasil"]
[Date "2022.10.28"]
[Round "6"]
[Board "3"]
[White "Paredes Lagos, Anthony Javier"]
[Black "Gauche, Charles"]
[Result "0-1"]
[WhiteElo "2211"]
[BlackElo "2177"]
[PlyCount "95"]
[EventDate "2022.10.25"]
[EventRounds "9"]
[EventCountry "BRA"]

1. e4 e5 2. Nf3 Nf6 3. Nc3 Nc6 4. d4 exd4 5. Nxd4 Bb4 6. Nxc6 bxc6 7. Bd3 d5 8. exd5
cxd5 9. O-O O-O 10. h3 c6 11. Qf3 Re8 12. Bf4 Be6 13. Na4 Nd7 14. a3 Bf8 15. Rfe1
g6 16. b3 Nb6 17. Nxb6 axb6 18. a4 Bd6 19. h4 Bb8 20. Bg5 Qd6 21. g3 Bc7 22. h5 Bd8
23. Bxd8 Raxd8 24. Re2 Bd7 25. Rae1 Rxe2 26. Rxe2 c5 27. h6 f6 28. Bb5 Bxb5 29. axb5
Kf7 30. Qf4 Qd7 31. Qa4 g5 32. Qa6 Rb8 33. Re3 Kg6 34. Rf3 d4 35. Rd3 Kxh6 36. Rd1
Qe6 37. Qa7 Re8 38. Ra1 Kg6 39. Qc7 Re7 40. Qd8 Kh5 41. Kg2 Rd7 42. Rh1+ Kg6 43.
Qf8 h5 44. Ra1 Rh7 45. Ra8 Rg7 46. Rc8 Qe7 47. Qh8 h4 48. Qe8+  0-1

[Event "Aberto do Brasil CONTAUD 2022"]
[Site "Cuiaba - MT - Brasil"]
[Date "2022.10.28"]
[Round "6"]
[Board "4"]
[White "Luz, Arthur Nader"]
[Black "Matsuura, Everaldo"]
[Result "0-1"]
[WhiteElo "2154"]
[BlackElo "2445"]
[PlyCount "76"]
[EventDate "2022.10.25"]
[EventRounds "9"]
[EventCountry "BRA"]

1. e4 c5 2. Nf3 Nc6 3. Bb5 e6 4. Bxc6 bxc6 5. d3 Ne7 6. Nbd2 f6 7. h4 e5 8. h5 d5
9. Nh4 g5 10. Nhf3 h6 11. Qe2 Bg7 12. c4 O-O 13. b3 Bg4 14. Nf1 f5 15. Ng3 a5 16.
Bb2 a4 17. Qd2 fxe4 18. Nh2 Be6 19. cxd5 cxd5 20. dxe4 axb3 21. exd5 Qxd5 22. Qxd5
Bxd5 23. axb3 Rxa1+ 24. Bxa1 Bxg2 25. Rg1 Bd5 26. Ng4 Nc6 27. Ne3 Bxb3 28. Ne4 Nd4
29. Nd2 Be6 30. Rg3 Ra8 31. Bc3 Bf7 32. Rh3 Ne6 33. Nf5 Nf4 34. Rh2 Ra3 35. Ne4 Bd5
36. Nfd6 Ra2 37. Nd2 Rc2 38. N2e4 Bxe4  0-1

[Event "Aberto do Brasil CONTAUD 2022"]
[Site "Cuiaba - MT - Brasil"]
[Date "2022.10.28"]
[Round "6"]
[Board "5"]
[White "Hoffman, Alejandro"]
[Black "Federzoni, Enzo"]
[Result "1/2-1/2"]
[WhiteElo "2378"]
[BlackElo "2139"]
[PlyCount "50"]
[EventDate "2022.10.25"]
[EventRounds "9"]
[EventCountry "BRA"]

1. d4 Nf6 2. Nf3 g6 3. Bg5 Bg7 4. Nbd2 d5 5. e3 O-O 6. c3 Nbd7 7. Bd3 h6 8. Bh4 Re8
9. Bg3 Nh5 10. Be5 Bxe5 11. dxe5 Ng7 12. Bb1 c6 13. Qa4 Nc5 14. Qh4 h5 15. b4 Na4
16. Qf4 Nxc3 17. Qh6 Ne6 18. h3 Qb6 19. Bd3 Qxb4 20. g4 h4 21. Bxg6 fxg6 22. Qxg6+
Kf8 23. Qh6+ Kg8 24. Qg6+ Kf8 25. Qh6+ Kg8  1/2-1/2

[Event "Aberto do Brasil CONTAUD 2022"]
[Site "Cuiaba - MT - Brasil"]
[Date "2022.10.28"]
[Round "6"]
[Board "6"]
[White "Rodi, Luis Ernesto"]
[Black "Lima, Kleyton Alcantara"]
[Result "1-0"]
[WhiteElo "2312"]
[BlackElo "2109"]
[PlyCount "77"]
[EventDate "2022.10.25"]
[EventRounds "9"]
[EventCountry "BRA"]

1. e4 e5 2. Nf3 Nc6 3. Bb5 a6 4. Ba4 Nf6 5. O-O b5 6. Bb3 Bc5 7. c3 d6 8. d4 Bb6
9. Be3 O-O 10. Nbd2 Bb7 11. d5 Ne7 12. Bxb6 cxb6 13. Qe2 Ng6 14. g3 Bc8 15. a4 Bh3
16. Rfe1 bxa4 17. Bxa4 b5 18. Bc2 Nd7 19. Nf1 Bxf1 20. Kxf1 Qc7 21. Ra2 Rfb8 22.
Rea1 Qc8 23. Nd2 Nc5 24. b4 Nd7 25. c4 bxc4 26. Qxc4 Qxc4+ 27. Nxc4 Rxb4 28. Nxd6
Rd8 29. Ra5 Ne7 30. Bd3 f5 31. Nxf5 Nxf5 32. exf5 Nb6 33. Bxa6 Nxd5 34. Be2 Rd4 35.
Rc1 e4 36. Rc4 Nf6 37. Rc7 R4d7 38. Raa7 Kf7 39. Bc4+  1-0

[Event "Aberto do Brasil CONTAUD 2022"]
[Site "Cuiaba - MT - Brasil"]
[Date "2022.10.28"]
[Round "6"]
[Board "7"]
[White "Alboredo, Julia"]
[Black "Lima, Stefan Moisei Vieira"]
[Result "1/2-1/2"]
[WhiteElo "2234"]
[BlackElo "2051"]
[PlyCount "71"]
[EventDate "2022.10.25"]
[EventRounds "9"]
[EventCountry "BRA"]

1. e4 e5 2. Nf3 Nf6 3. Nxe5 d6 4. Nf3 Nxe4 5. c4 Nc6 6. d3 Nf6 7. d4 Be7 8. Nc3 O-O
9. Bd3 Bg4 10. Be3 Qd7 11. O-O Rfe8 12. h3 Bf5 13. Bxf5 Qxf5 14. d5 Ne5 15. Nd4 Qd3
16. Qxd3 Nxd3 17. b3 Nd7 18. Rad1 N3c5 19. Ndb5 Bf6 20. Bd4 Bxd4 21. Rxd4 Rec8 22.
Re1 a6 23. Na3 Re8 24. Rc1 Nf6 25. b4 Nce4 26. Nxe4 Rxe4 27. Rxe4 Nxe4 28. f3 Nf6
29. Rc2 Kf8 30. Nb1 a5 31. b5 g5 32. Nc3 Re8 33. Kf2 Re5 34. Ne2 b6 35. Nd4 Nd7 36.
Nb3  1/2-1/2

[Event "Aberto do Brasil CONTAUD 2022"]
[Site "Cuiaba - MT - Brasil"]
[Date "2022.10.28"]
[Round "6"]
[Board "8"]
[White "Lopes, Marcelo Ferreira"]
[Black "Pirola, Claudionor Alcides Lima"]
[Result "0-1"]
[WhiteElo "1963"]
[BlackElo "2157"]
[PlyCount "96"]
[EventDate "2022.10.25"]
[EventRounds "9"]
[EventCountry "BRA"]

1. e4 c5 2. Nf3 Nc6 3. Bb5 g6 4. O-O Bg7 5. Re1 e5 6. Bxc6 dxc6 7. h3 Qc7 8. d3 Nf6
9. Be3 b6 10. a4 O-O 11. a5 Be6 12. Ng5 Bd7 13. Nc3 Nh5 14. axb6 axb6 15. Rxa8 Rxa8
16. Qd2 Nf4 17. Bxf4 exf4 18. Nf3 h6 19. e5 g5 20. d4 cxd4 21. Qxd4 Be6 22. Rd1 Re8
23. Qd6 Qc8 24. Ne4 Bd5 25. Nf6+ Bxf6 26. Qxf6 Qe6 27. Qxe6 Rxe6 28. Re1 Bxf3 29.
gxf3 f6 30. Rd1 Rxe5 31. Rd6 Rc5 32. c3 Kf7 33. Rd7+ Ke6 34. Rb7 b5 35. Kf1 Kd5 36.
Ke2 Kc4 37. Rf7 Kb3 38. Rxf6 Kxb2 39. Rxh6 Kxc3 40. Rh5 Rd5 41. h4 gxh4 42. Rxh4
b4 43. Rh6 c5 44. Ra6 b3 45. Ra3 c4 46. Ra1 b2 47. Ra3+ Kc2 48. Ra4 Re5+  0-1

[Event "Aberto do Brasil CONTAUD 2022"]
[Site "Cuiaba - MT - Brasil"]
[Date "2022.10.28"]
[Round "6"]
[Board "9"]
[White "Pimentel, Lucas Dos Santos"]
[Black "Oliveira, Leonardo Tadeu De Alme"]
[Result "1-0"]
[WhiteElo "1391"]
[BlackElo "2037"]
[PlyCount "49"]
[EventDate "2022.10.25"]
[EventRounds "9"]
[EventCountry "BRA"]

1. d4 d5 2. Bf4 Nf6 3. Nf3 c6 4. e3 Bf5 5. c4 e6 6. Qb3 b6 7. Bxb8 Qxb8 8. Qa4 Qd6
9. Nbd2 dxc4 10. Qxc4 b5 11. Qb3 Qd5 12. Ne5 Qxb3 13. Nxb3 Bb4+ 14. Kd1 Ne4 15. Ke2
c5 16. f3 Nd6 17. dxc5 Nc4 18. Nc6 a5 19. a3 Rc8 20. axb4 Rxc6 21. Nxa5 Ra6 22. e4
Bg6 23. Kf2 O-O 24. Bxc4 bxc4 25. Nxc4  1-0

[Event "Aberto do Brasil CONTAUD 2022"]
[Site "Cuiaba - MT - Brasil"]
[Date "2022.10.28"]
[Round "6"]
[Board "10"]
[White "Souza Dos Santos, Matheus Garcett"]
[Black "Andrade, Guilherme A. De Souza"]
[Result "1/2-1/2"]
[WhiteElo "1990"]
[BlackElo "1887"]
[PlyCount "67"]
[EventDate "2022.10.25"]
[EventRounds "9"]
[EventCountry "BRA"]

1. e4 c5 2. Nc3 e6 3. f4 d5 4. Nf3 d4 5. Nb1 Nc6 6. Bb5 Bd7 7. a4 Bd6 8. d3 Nge7
9. O-O O-O 10. c3 a6 11. Bc4 Na5 12. Ba2 b5 13. e5 Bc7 14. Nbd2 dxc3 15. bxc3 Bc6
16. Qe2 Nd5 17. Ne4 bxa4 18. c4 Nb4 19. Bb1 Nb3 20. Ra3 Qe7 21. Be3 Rfd8 22. Nfg5
h6 23. Rxb3 axb3 24. Bxc5 Bb6 25. Bxb6 hxg5 26. Bxd8 Qa7+ 27. Kh1 Bxe4 28. Qxe4 Rxd8
29. d4 Qxd4 30. Qh7+ Kf8 31. Qh8+ Ke7 32. Qxg7 Qxf4 33. Kg1 Qe3+ 34. Kh1  1/2-1/2

[Event "Aberto do Brasil CONTAUD 2022"]
[Site "Cuiaba - MT - Brasil"]
[Date "2022.10.28"]
[Round "6"]
[Board "11"]
[White "Duailibi, Ricardo Miguel"]
[Black "Pires, Washington Gabriel"]
[Result "1-0"]
[WhiteElo "1832"]
[BlackElo "1921"]
[PlyCount "29"]
[EventDate "2022.10.25"]
[EventRounds "9"]
[EventCountry "BRA"]

1. e4 c6 2. d4 d5 3. f3 dxe4 4. fxe4 e5 5. Nf3 Bg4 6. Bc4 Bxf3 7. Qxf3 Nf6 8. Qb3
Qc7 9. dxe5 Nxe4 10. Qf3 f5 11. Qxf5 Nc5 12. O-O Nbd7 13. Qf7+ Kd8 14. Bg5+ Kc8 15.
Qe8+  1-0

[Event "Aberto do Brasil CONTAUD 2022"]
[Site "Cuiaba - MT - Brasil"]
[Date "2022.10.28"]
[Round "6"]
[Board "12"]
[White "De Oliveira, Yuri Garcia"]
[Black "Paniago, Lucio Erloiny Silva"]
[Result "1-0"]
[WhiteElo "1899"]
[BlackElo "1468"]
[PlyCount "58"]
[EventDate "2022.10.25"]
[EventRounds "9"]
[EventCountry "BRA"]

1. c4 Nf6 2. Nc3 g6 3. g3 Bg7 4. Bg2 O-O 5. d3 d6 6. Bg5 Nbd7 7. e4 c6 8. h3 Qc7
9. Nge2 e5 10. O-O Nc5 11. Be3 Ne6 12. f4 Ne8 13. Kh2 Nd8 14. d4 f6 15. Qd2 Nf7 16.
b4 Be6 17. d5 cxd5 18. exd5 Bd7 19. c5 a6 20. Rac1 Qd8 21. c6 Bc8 22. a4 b6 23. fxe5
fxe5 24. Ne4 Qc7 25. N2c3 Bf5 26. g4 Bc8 27. Rf3 h6 28. Rcf1 Kh7 29. Qf2 Kg8  1-0

[Event "Aberto do Brasil CONTAUD 2022"]
[Site "Cuiaba - MT - Brasil"]
[Date "2022.10.28"]
[Round "6"]
[Board "13"]
[White "Assad, Leonardo Vaz De Figueiredo"]
[Black "Kazuhiro Shikasho, Erik"]
[Result "0-1"]
[WhiteElo "1761"]
[BlackElo "1895"]
[PlyCount "88"]
[EventDate "2022.10.25"]
[EventRounds "9"]
[EventCountry "BRA"]

1. c4 g6 2. e4 Bg7 3. d4 d6 4. Nc3 Nf6 5. h3 Na6 6. Nf3 c5 7. d5 Nc7 8. Bd3 O-O 9.
O-O e6 10. Bd2 exd5 11. exd5 a6 12. a4 b6 13. Re1 Rb8 14. Rb1 b5 15. axb5 axb5 16.
Qc2 bxc4 17. Bxc4 Na6 18. Rbd1 Bf5 19. Qc1 Nb4 20. Bg5 Qd7 21. b3 Rfe8 22. Rxe8+
Nxe8 23. Ne2 Ra8 24. Qe3 Bc2 25. Re1 Nc7 26. Qe7 Qxe7 27. Bxe7 Bf8 28. Nc3 Ra3 29.
Nd2 Bd3 30. Bd8 Bxc4 31. Bxc7 Bxd5 32. Nb5 Ra2 33. Re8 Kg7 34. Nc4 Bc6 35. Rb8 Na6
36. Nc3 Ra1+ 37. Kh2 Nxc7 38. Rc8 Ra7 39. Rd8 Ne6 40. Rc8 Bd7 41. Rb8 Nd4 42. Rb6
Bc6 43. Ne2 Rb7 44. Nxd4 Rxb6  0-1

[Event "Aberto do Brasil CONTAUD 2022"]
[Site "Cuiaba - MT - Brasil"]
[Date "2022.10.28"]
[Round "6"]
[Board "14"]
[White "Lima, Carlos Eduardo I De Araujo"]
[Black "Belina, Jose Carlos Fernandes"]
[Result "1/2-1/2"]
[WhiteElo "1889"]
[BlackElo "1348"]
[PlyCount "100"]
[EventDate "2022.10.25"]
[EventRounds "9"]
[EventCountry "BRA"]

1. d4 d5 2. Nf3 Nf6 3. Bf4 c5 4. c3 Nc6 5. e3 e6 6. Nbd2 Bd6 7. Bg3 O-O 8. Bd3 b6
9. e4 dxe4 10. Nxe4 Nxe4 11. Bxe4 Bb7 12. dxc5 Bxc5 13. Qc2 f5 14. Rd1 Qe8 15. Bd3
e5 16. Bxf5 e4 17. Bd7 Qh5 18. Be6+ Kh8 19. Qxe4 Rae8 20. O-O Qh6 21. Rfe1 Nd8 22.
Qh4 Qxh4 23. Nxh4 Nxe6 24. b4 Bxb4 25. cxb4 Rd8 26. Nf3 Bxf3 27. gxf3 Nd4 28. Kg2
Nc2 29. Rf1 Rfe8 30. Rxd8 Rxd8 31. Rc1 Nxb4 32. Rc7 a6 33. a3 Nd5 34. Ra7 a5 35.
Be5 Nf6 36. Bc7 Rd3 37. Bxb6 Rxa3 38. Ra8+ Ng8 39. Rxa5 Rxa5 40. Bxa5 Nf6 41. Bc3
Nd5 42. Be5 Kg8 43. f4 g6 44. Kf3 Ne7 45. Kg4 Kf7 46. h4 h5+ 47. Kg5 Nf5 48. Bb2
Ne7 49. Ba3 Nf5 50. Bb4 Nd4  1/2-1/2

[Event "Aberto do Brasil CONTAUD 2022"]
[Site "Cuiaba - MT - Brasil"]
[Date "2022.10.28"]
[Round "6"]
[Board "15"]
[White "Gomes, Mateus Ferreira"]
[Black "Ramos, Angelo Bil"]
[Result "0-1"]
[WhiteElo "1690"]
[BlackElo "1970"]
[PlyCount "52"]
[EventDate "2022.10.25"]
[EventRounds "9"]
[EventCountry "BRA"]

1. d4 Nf6 2. c4 g6 3. Qd3 Bg7 4. e4 O-O 5. Nc3 d6 6. Be2 Nbd7 7. Nf3 e5 8. d5 Nc5
9. Qc2 a5 10. Bg5 h6 11. O-O hxg5 12. Nxg5 Nh7 13. Nf3 f5 14. Nd2 fxe4 15. Ndxe4
Bf5 16. f3 Ng5 17. g4 Bxe4 18. fxe4 Nh3+ 19. Kh1 Nf2+ 20. Kg2 Qh4 21. Bf3 Rxf3 22.
Rxf2 Qxg4+ 23. Kh1 Rxf2 24. Qxf2 Nxe4 25. Qc2 Qf3+ 26. Kg1 Ng5  0-1

[Event "Aberto do Brasil CONTAUD 2022"]
[Site "Cuiaba - MT - Brasil"]
[Date "2022.10.28"]
[Round "6"]
[Board "16"]
[White "Felicio, Leonardo Demetrio De F."]
[Black "Jesus Filho, Jose Carlos"]
[Result "1-0"]
[WhiteElo "1880"]
[BlackElo "1723"]
[PlyCount "73"]
[EventDate "2022.10.25"]
[EventRounds "9"]
[EventCountry "BRA"]

1. d4 d5 2. c4 e5 3. dxe5 d4 4. Nf3 Nc6 5. h3 Nge7 6. e3 dxe3 7. Qxd8+ Kxd8 8. Bxe3
Ng6 9. Be2 Ngxe5 10. Nxe5 Bb4+ 11. Nd2 Nxe5 12. a3 Bxd2+ 13. Bxd2 Be6 14. b3 c5 15.
O-O Ke7 16. Be3 b6 17. f4 Nc6 18. Bf3 Rac8 19. Rae1 f5 20. Bd5 Bxd5 21. cxd5 Na5
22. Bxc5+ Kf7 23. Re7+ Kg6 24. Bb4 Nxb3 25. d6 a5 26. d7 Rcd8 27. Bd6 Nd2 28. Rfe1
Ne4 29. g4 Nf6 30. R1e6 h6 31. Bc7 Rdf8 32. d8=Q Rxd8 33. Bxd8 Rxd8 34. g5 hxg5 35.
fxg5 Kxg5 36. Rxg7+ Kh6 37. Rf7  1-0

[Event "Aberto do Brasil CONTAUD 2022"]
[Site "Cuiaba - MT - Brasil"]
[Date "2022.10.28"]
[Round "6"]
[Board "17"]
[White "Mariano, Kaiki Pereira"]
[Black "Moyses Sobrinho, Elias"]
[Result "1-0"]
[WhiteElo "1480"]
[BlackElo "1848"]
[PlyCount "107"]
[EventDate "2022.10.25"]
[EventRounds "9"]
[EventCountry "BRA"]

1. d4 Nf6 2. c4 c5 3. d5 b5 4. cxb5 a6 5. bxa6 Bxa6 6. Nc3 d6 7. e4 Bxf1 8. Kxf1
g6 9. g3 Bg7 10. Kg2 O-O 11. Nf3 Nbd7 12. a4 Qb6 13. Qc2 Qb4 14. Bd2 Rfb8 15. Ra2
Qb3 16. Qxb3 Rxb3 17. Bc1 Ng4 18. Nd2 Rb4 19. h3 Nge5 20. b3 Nd3 21. Ne2 Nxc1 22.
Rxc1 Ne5 23. Rc3 Nd7 24. Re3 Nb6 25. f4 c4 26. bxc4 Raxa4 27. Rxa4 Rxa4 28. Rb3 Nxc4
29. Rb8+ Bf8 30. Nc3 Ne3+ 31. Kf3 Ra3 32. Ndb1 Rxc3 33. Nxc3 Nc4 34. Na4 e6 35. Rc8
Nd2+ 36. Ke3 Nf1+ 37. Kf2 Nd2 38. Nb6 Nxe4+ 39. Ke3 Nf6 40. g4 Nxd5+ 41. Nxd5 exd5
42. f5 gxf5 43. gxf5 f6 44. Kd4 h5 45. Kxd5 Kf7 46. Rc7+ Be7 47. Ra7 h4 48. Rb7 Ke8
49. Ke6 Bd8 50. Kxd6 Ba5 51. Ke6 Kf8 52. Kxf6 Bc3+ 53. Kg5 Be1 54. Kg6  1-0

[Event "Aberto do Brasil CONTAUD 2022"]
[Site "Cuiaba - MT - Brasil"]
[Date "2022.10.28"]
[Round "6"]
[Board "18"]
[White "Do Amaral Vailant, Helena Kether"]
[Black "Franca Junior, Jairo"]
[Result "1-0"]
[WhiteElo "1502"]
[BlackElo "1756"]
[PlyCount "57"]
[EventDate "2022.10.25"]
[EventRounds "9"]
[EventCountry "BRA"]

1. e4 d6 2. d4 Nf6 3. Nc3 g6 4. Nf3 Bg7 5. Bd3 O-O 6. O-O c5 7. e5 dxe5 8. dxe5 Ng4
9. Bf4 Nc6 10. Re1 Nd4 11. h3 Nh6 12. Nxd4 cxd4 13. Ne2 Qb6 14. Qd2 Nf5 15. Bxf5
Bxf5 16. Qxd4 Bxc2 17. Qc3 Rac8 18. Qa3 a6 19. Rac1 Bf5 20. Nc3 Rfd8 21. Red1 Qe6
22. Qa5 Rxd1+ 23. Rxd1 b6 24. Qd5 h5 25. Rd2 Kh7 26. f3 Rc5 27. Qxe6 Bxe6 28. Ne4
Bd5 29. Nxc5  1-0

[Event "Aberto do Brasil CONTAUD 2022"]
[Site "Cuiaba - MT - Brasil"]
[Date "2022.10.28"]
[Round "6"]
[Board "19"]
[White "Arruda Filho, Ivo Pereira De"]
[Black "Gomes, Carlos"]
[Result "1/2-1/2"]
[WhiteElo "1736"]
[BlackElo "1538"]
[PlyCount "35"]
[EventDate "2022.10.25"]
[EventRounds "9"]
[EventCountry "BRA"]

1. d4 d5 2. Nf3 g6 3. e3 Nf6 4. Nbd2 Bf5 5. c3 c6 6. Be2 e6 7. Qb3 Qb6 8. O-O Be7
9. a4 Nbd7 10. a5 Qxb3 11. Nxb3 O-O 12. Ne5 Nxe5 13. dxe5 Nd7 14. f4 f6 15. exf6
Nxf6 16. Nd4 Kf7 17. Nxf5 exf5 18. Bd3  1/2-1/2

[Event "Aberto do Brasil CONTAUD 2022"]
[Site "Cuiaba - MT - Brasil"]
[Date "2022.10.28"]
[Round "6"]
[Board "20"]
[White "Da Silva, Fabio Lima"]
[Black "Mello, Eduardo Dos Santos"]
[Result "1/2-1/2"]
[WhiteElo "1714"]
[BlackElo "1502"]
[PlyCount "68"]
[EventDate "2022.10.25"]
[EventRounds "9"]
[EventCountry "BRA"]

1. g3 d5 2. Bg2 Nf6 3. Nf3 e6 4. d3 Be7 5. Bf4 Nbd7 6. Nbd2 b6 7. c4 Bb7 8. Rc1 c5
9. O-O O-O 10. Be5 dxc4 11. Nxc4 Nxe5 12. Ncxe5 Rc8 13. Qb3 Bd6 14. Bh3 Bxe5 15.
Nxe5 Qd5 16. Qxd5 Bxd5 17. Rc3 Rfd8 18. Rfc1 Nd7 19. Nxd7 Rxd7 20. d4 Bxa2 21. dxc5
bxc5 22. Rxc5 Rxc5 23. Rxc5 g6 24. e4 Bb1 25. Rc4 Rd1+ 26. Kg2 Bd3 27. Rc8+ Kg7 28.
Kf3 Re1 29. Rc7 Bxe4+ 30. Kf4 Bd5 31. g4 h6 32. f3 Re2 33. Kg3 Rxb2 34. Rxa7 g5  1/2-1/2

[Event "Aberto do Brasil CONTAUD 2022"]
[Site "Cuiaba - MT - Brasil"]
[Date "2022.10.28"]
[Round "6"]
[Board "21"]
[White "Oliveira, Joao Victor Da Silva"]
[Black "Shaffer, Alexander"]
[Result "1/2-1/2"]
[WhiteElo "1528"]
[BlackElo "1684"]
[PlyCount "62"]
[EventDate "2022.10.25"]
[EventRounds "9"]
[EventCountry "BRA"]

1. e4 c5 2. Nf3 d6 3. d4 cxd4 4. Qxd4 Nf6 5. e5 Nc6 6. Bb5 Nd7 7. Bxc6 bxc6 8. exd6
exd6 9. O-O Qb6 10. Re1+ Kd8 11. Qe4 Nf6 12. Bg5 Qxb2 13. Qxc6 Be7 14. Qxa8 Qxa1
15. Qxa7 Re8 16. Nbd2 Qc3 17. Bxf6 Qxf6 18. Qb6+ Kd7 19. a4 Qc3 20. a5 Qc5 21. Qxc5
dxc5 22. Nc4 f6 23. h3 Kc6 24. Nb6 Bd7 25. c4 Bd8 26. Nxd7 Rxe1+ 27. Nxe1 Kxd7 28.
a6 Kc6 29. Kf1 Kb6 30. Nd3 Be7 31. g4 Kxa6  1/2-1/2

[Event "Aberto do Brasil CONTAUD 2022"]
[Site "Cuiaba - MT - Brasil"]
[Date "2022.10.28"]
[Round "6"]
[Board "22"]
[White "Vargas, Roberto Carlos Melgarejo"]
[Black "Volpato, Alzir"]
[Result "1/2-1/2"]
[WhiteElo "1683"]
[BlackElo "1501"]
[PlyCount "34"]
[EventDate "2022.10.25"]
[EventRounds "9"]
[EventCountry "BRA"]

1. d4 d5 2. Bf4 Nf6 3. e3 e6 4. Nf3 Bd6 5. Ne5 O-O 6. Bd3 b6 7. Qe2 c5 8. c3 c4 9.
Bc2 Qc7 10. Nd2 Nbd7 11. Nef3 Ba6 12. O-O Nh5 13. Bxh7+ Kh8 14. Nb3 Nxf4 15. exf4
Qb7 16. Bc2 Bxf4 17. Ne5 Bxe5  1/2-1/2

[Event "Aberto do Brasil CONTAUD 2022"]
[Site "Cuiaba - MT - Brasil"]
[Date "2022.10.28"]
[Round "6"]
[Board "23"]
[White "Franco Filho, Sinvaldo Barreiros"]
[Black "Freitas, Mauricio Mathioli"]
[Result "0-1"]
[WhiteElo "1648"]
[BlackElo "1445"]
[PlyCount "50"]
[EventDate "2022.10.25"]
[EventRounds "9"]
[EventCountry "BRA"]

1. e4 c5 2. Nf3 e6 3. c3 d5 4. exd5 Qxd5 5. d4 Nf6 6. Bd3 Nc6 7. O-O cxd4 8. cxd4
Be7 9. Nc3 Qa5 10. Bf4 O-O 11. Re1 Rd8 12. Nb5 Nd5 13. Bd2 Bb4 14. Bxh7+ Kxh7 15.
Ng5+ Kg8 16. Qh5 Bxd2 17. Qxf7+ Kh8 18. Nd6 ( 18. Qh5+ Kg8 19. Qf7+ Kh8 20. Qh5+)
18... Bxg5 19. Qh5+ Kg8 20. Qf7+ Kh8 21. Qh5+ Bh6 22. Nf7+ Kh7 23. Re4 Nf6 24. Re5
Nxe5 25. dxe5 Nxh5  0-1

[Event "Aberto do Brasil CONTAUD 2022"]
[Site "Cuiaba - MT - Brasil"]
[Date "2022.10.28"]
[Round "6"]
[Board "24"]
[White "Santana Magalhaes, Amanda Borges"]
[Black "Haubert, Roberto Camargo"]
[Result "1/2-1/2"]
[WhiteElo "1596"]
[BlackElo "1773"]
[PlyCount "64"]
[EventDate "2022.10.25"]
[EventRounds "9"]
[EventCountry "BRA"]

1. e4 e5 2. Nf3 Nf6 3. Nc3 Nc6 4. Bc4 Bc5 5. d3 O-O 6. Bg5 h6 7. Bh4 Be7 8. O-O d6
9. h3 Na5 10. Nd2 a6 11. a3 Nxc4 12. Nxc4 c6 13. a4 Be6 14. Ne3 d5 15. Bxf6 Bxf6
16. exd5 cxd5 17. Ng4 d4 18. Ne4 Bxg4 19. Qxg4 Rc8 20. Qe2 b5 21. axb5 axb5 22. f4
Re8 23. Ra6 Re6 24. Nxf6+ Qxf6 25. Rxe6 Qxe6 26. fxe5 f6 27. Rf4 Qxe5 28. Qxe5 fxe5
29. Rf2 b4 30. b3 Re8 31. Re2 Kf7 32. Kf2 Ke6  1/2-1/2

[Event "Aberto do Brasil CONTAUD 2022"]
[Site "Cuiaba - MT - Brasil"]
[Date "2022.10.28"]
[Round "6"]
[Board "28"]
[White "Carmo, Jose Arlindo"]
[Black "De Oliveira, Tobias Luiz Carvalho"]
[Result "0-1"]
[WhiteElo "1604"]
[BlackElo "1219"]
[PlyCount "94"]
[EventDate "2022.10.25"]
[EventRounds "9"]
[EventCountry "BRA"]

1. e4 d5 2. exd5 Nf6 3. Nf3 Nxd5 4. Be2 Nc6 5. O-O e5 6. Re1 Bd6 7. d4 e4 8. Bc4
Nf6 9. Ng5 O-O 10. Nxe4 Nxd4 11. Nxd6 Qxd6 12. Be3 Nf5 13. Qxd6 Nxd6 14. Bb3 Re8
15. Nc3 Be6 16. Ba4 c6 17. Bf4 Nf5 18. Bg5 b5 19. Bxf6 gxf6 20. Bb3 Bxb3 21. axb3
Nd4 22. Rxe8+ Rxe8 23. Kf1 Nxc2 24. Rd1 Kg7 25. f3 Ne3+ 26. Kf2 Nxd1+ 27. Nxd1 Rd8
28. Ke2 Kg6 29. Nf2 f5 30. Nd3 Kf6 31. f4 Rd4 32. Ke3 Re4+ 33. Kf3 a5 34. g3 h6 35.
h3 h5 36. h4 Ke7 37. Kf2 Kd6 38. Kf3 Kd5 39. Ne5 Rxe5 40. fxe5 Kxe5 41. Ke3 c5 42.
Kd3 f6 43. Ke3 c4 44. bxc4 bxc4 45. Kf2 a4 46. Ke2 c3 47. bxc3 a3  0-1

[Event "Aberto do Brasil CONTAUD 2022"]
[Site "Cuiaba - MT - Brasil"]
[Date "2022.10.28"]
[Round "6"]
[Board "29"]
[White "Romais, Rodrigo"]
[Black "Almeida, Bianca Martins"]
[Result "1/2-1/2"]
[WhiteElo "1545"]
[BlackElo "1349"]
[PlyCount "115"]
[EventDate "2022.10.25"]
[EventRounds "9"]
[EventCountry "BRA"]

1. e4 e5 2. Bc4 Nf6 3. d3 h6 4. Nc3 Bb4 5. Nge2 O-O 6. f4 d6 7. f5 Nc6 8. a3 Bc5
9. h3 Ne7 10. Na4 Bb6 11. Nxb6 axb6 12. O-O d5 13. exd5 Nxf5 14. Nc3 Qd6 15. Ne4
Nxe4 16. dxe4 Qc5+ 17. Kh2 Qxc4 18. exf5 f6 19. Rf3 Rd8 20. Rg3 Bxf5 21. Bxh6 g6
22. Qh5 Kf7 23. Qf3 Qxd5 24. Qc3 c6 25. Rf1 Rh8 26. Qe3 Ra4 27. Rxf5 gxf5 28. Rg7+
Ke6 29. Qxb6 Qb5 30. Qc7 Kd5 31. b3 Rxh6 32. c4+ Rxc4 33. bxc4+ Qxc4 34. Qd7+ Ke4
35. Qd2 f4 36. Rxb7 Kf5 37. Qd1 e4 38. Qg4+ Ke5 39. Re7+ Kd6 40. Qd7+ Kc5 41. Qa7+
Kd5 42. Qd7+ Kc5 43. Qf5+ Qd5 44. Qxf4 Qd6 45. Rxe4 Qxf4+ 46. Rxf4 Kb5 47. g4 Kc5
48. Kg3 Kd5 49. a4 c5 50. a5 c4 51. a6 c3 52. Ra4 Rh8 53. a7 Ra8 54. Kf4 c2 55. Ra1
Rxa7 56. Rc1 Rc7 57. h4 Kd4 58. Kf5  1/2-1/2